ධම්මචක්කප්පවත්තන සූත්රය (Record no. 80206)
[ view plain ]
| 000 -LEADER | |
|---|---|
| fixed length control field | 00579nam a2200169Ia 4500 |
| 003 - CONTROL NUMBER IDENTIFIER | |
| control field | LK-CoDNM |
| 008 - FIXED-LENGTH DATA ELEMENTS--GENERAL INFORMATION | |
| fixed length control field | 140723t2019 xxu||||| |||| 00| 1 sin d |
| 020 ## - INTERNATIONAL STANDARD BOOK NUMBER | |
| International Standard Book Number | |
| -- | 9789558040849 |
| 040 ## - CATALOGING SOURCE | |
| Original cataloging agency | LK-CoDNM |
| Modifying agency | LK-CoDNM |
| Description conventions | LK-CoDNM |
| 041 ## - LANGUAGE CODE | |
| Language code of text/sound track or separate title | Sinhala; Sinhalese |
| 080 ## - UNIVERSAL DECIMAL CLASSIFICATION NUMBER | |
| Universal Decimal Classification number | 294.3 |
| Item number | CHA |
| 942 ## - ADDED ENTRY ELEMENTS (KOHA) | |
| Koha item type | Books |
| 100 ## - MAIN ENTRY--PERSONAL NAME | |
| Personal name | චන්දකිත්ති හිමි, තලල්ලේ |
| Personal name (Transliterated) | Chandakiththi Himi,Thalalle |
| 245 ## - TITLE STATEMENT | |
| Title | ධම්මචක්කප්පවත්තන සූත්රය |
| 246 ## - VARYING FORM OF TITLE | |
| Title proper/short title | Dammachakkappawaththana Suuthraya |
| 260 ## - PUBLICATION, DISTRIBUTION, ETC. (IMPRINT) | |
| Name of publisher, distributor, etc. | Narada Baudda Maddiyasthanaya |
| Place of publication, distribution, etc. | Colombo |
| Date of publication, distribution, etc. | 2019 |
| Withdrawn status | Lost status | Damaged status | Not for loan | Collection code | Permanent Location | Current Location | Date acquired | Cost, normal purchase price | Full call number | Barcode | Koha item type |
|---|---|---|---|---|---|---|---|---|---|---|---|
| Monographs | Library National Museum Colombo - Sri Lanka | Library National Museum Colombo - Sri Lanka | 2023-07-16 | 0.00 | 294.3 CHA | P44092 | Books |


